| 000 | 00758nab a2200265 a 4500 | ||
|---|---|---|---|
| 001 | 54495 | ||
| 003 | 125133 | ||
| 005 | 20201118103014.0 | ||
| 008 | ||||||n9999 ||| || || | ||
| 041 | _afre | ||
| 100 | _aLaserna, Roberto | ||
| 245 | 0 |
_aBolivie, la politique antidrogue du gouvernement Sanchez de Lozada : _bpp.85-107 |
|
| 260 |
_aFrancia : _bEcole Nationale D' Administration Publique, _c1998. |
||
| 562 | _e0 | ||
| 650 | _aANALISIS DE POLITICAS | ||
| 650 |
_aBOLIVIA _y1997 |
||
| 650 | _aCOCAINA | ||
| 650 | _aCULTIVOS DE USO ILICITO | ||
| 650 | _aESTADISTICAS SOCIALES | ||
| 650 | _aIMPACTO SOCIAL | ||
| 650 | _aPOLĂTICA ANTIDROGAS | ||
| 650 | _y1986 | ||
| 773 |
_044909 _aProblemes d'Amerique Latine - No.28 |
||
| 942 | _cSART | ||
| 999 |
_c54495 _d54495 |
||